000 00348pam a2200157a 44500
008 230515b1967 xxu||||| |||| 00| 0 eng d
020 _aNULL
041 _aENGLISH
082 _a621.402/BRA
100 _aPAVASKAR D
245 _aELEMENTS OF HEAT TRANSFER
250 _a1
260 _aMUMBAI
_bV C H
_c1967
300 _a202
650 _aNULL
999 _c667068
_d667068